| 000 | 00450nam a2200145 4500 | ||
|---|---|---|---|
| 008 | 151012b xxu||||| |||| 00| 0 eng d | ||
| 020 | _a0451219368 | ||
| 050 | _aSPE PS 3623 .A85W37 2006 | ||
| 100 |
_aWard, J. R. _d2006. |
||
| 245 |
_aLover Awakened/ _cJ. R. Ward. |
||
| 260 |
_aUSA: _bA signet eclipse book, _c2006. |
||
| 300 | _a448 p. | ||
| 650 | _aEnglish fiction. | ||
| 942 |
_2lcc _cBOOKS _hSPE PS 3623 .A85W37 2006 _04 |
||
| 999 |
_c8373 _d8373 |
||